000 01501nam a22003497a 4500
005 20240530110411.0
008 150216s2011 ua o a 001 0 ara d
017 _a2010/1602
_bمصر . دار الكتب المصرية
020 _a9771422812
040 _aEG-CaGPL
041 0 _aara
_heng
082 0 4 _221
_a920.7
_bط/ج ع
100 1 _aجيفورد ، كلايف
245 1 0 _a10 ملوك غيروا العالم /
_cتاليف كلايف جيفورد ؛ رسوم ديقيد كوزنز ؛ ترجمة ادارة النشر و الترجمة بدار نهضة مصر للنشر ؛ اشراف عام داليا محمد ابراهيم
260 _aالقاهرة :
_bنهضة مصر للطباعة و النشر و التوزيع ،
_c2011
300 _a63 ص :
_bايض ؛
_c32 سم
600 0 4 _aحتشبسوت
600 0 4 _aالاسكندر الاكبر
600 0 4 _aشارلمان
600 0 4 _aهنرى الثامن
600 0 4 _aسليمان القانونى
600 0 4 _aلويس الرابع عشر
600 0 4 _aفريدريك الكبير
600 0 4 _aكاثرين العظمى
600 0 4 _aاليزابيث الاولى
650 0 4 _aالملوك والحكام
_xتراجم
700 1 _aكوزنز ، ديقيد
_eرسام
700 0 _aداليا محمد ابراهيم
_eمشرف
710 2 _aادارة النشر و الترجمة بدار نهضة مصر للنشر
_eمترجم
942 _2ddc
_cBK
999 _c60464
_d60464